[Event "English Schools Championship Final 2024"]
[Site "Nottingham University Kings Meadow Campus, United Kingdom"]
[Date "2024.06.28"]
[Round "4.12"]
[White "Venkatesh, Anuj V"]
[Black "Shah, Kian"]
[Result "1/2-1/2"]
[TimeControl "G50' + 10\" per move."]
[WhiteFideId "455636"]
[BlackFideId "447366"]
[WhiteElo "1823"]
[BlackElo "1896"]

1. d4 {[%clk 00:48:52]} {[%emt 00:00:02]} Nf6 {[%clk 00:50:15]} {[%emt
00:00:05]} 2. c4 {[%clk 00:48:47]} {[%emt 00:00:14]} e6 {[%clk 00:50:19]}
{[%emt 00:00:07]} 3. g3 {[%clk 00:48:55]} {[%emt 00:00:03]} d5 {[%clk
00:50:18]} {[%emt 00:00:10]} 4. Bg2 {[%clk 00:48:43]} {[%emt 00:00:23]} dxc4
{[%clk 00:50:11]} {[%emt 00:00:16]} 5. Qa4+ {[%clk 00:47:14]} {[%emt 00:01:39]}
Nbd7 {[%clk 00:50:16]} {[%emt 00:00:05]} 6. Qxc4 {[%clk 00:46:51]} {[%emt
00:00:34]} a6 {[%clk 00:49:44]} {[%emt 00:00:42]} 7. Bg5 {[%clk 00:41:19]}
{[%emt 00:05:42]} c5 {[%clk 00:46:30]} {[%emt 00:03:23]} 8. e3 {[%clk
00:32:32]} {[%emt 00:08:57]} b5 {[%clk 00:41:56]} {[%emt 00:04:45]} 9. Qc2
{[%clk 00:31:15]} {[%emt 00:01:25]} Rb8 {[%clk 00:40:56]} {[%emt 00:01:11]} 10.
Bf4 {[%clk 00:30:58]} {[%emt 00:00:27]} Bb7 {[%clk 00:40:48]} {[%emt 00:00:18]}
11. Bxb7 {[%clk 00:29:12]} {[%emt 00:01:56]} Rxb7 {[%clk 00:40:46]} {[%emt
00:00:12]} 12. Nf3 {[%clk 00:26:24]} {[%emt 00:02:58]} Be7 {[%clk 00:35:47]}
{[%emt 00:05:09]} 13. Nbd2 {[%clk 00:23:30]} {[%emt 00:03:05]} O-O {[%clk
00:35:20]} {[%emt 00:00:36]} 14. O-O {[%clk 00:22:22]} {[%emt 00:01:18]} Nd5
{[%clk 00:34:23]} {[%emt 00:01:07]} 15. Ne4 {[%clk 00:16:20]} {[%emt 00:06:13]}
Nxf4 {[%clk 00:33:47]} {[%emt 00:00:46]} 16. exf4 {[%clk 00:16:21]} {[%emt
00:00:09]} c4 {[%clk 00:28:36]} {[%emt 00:05:20]} 17. Ne5 {[%clk 00:11:39]}
{[%emt 00:04:52]} Nb6 {[%clk 00:24:07]} {[%emt 00:04:39]} 18. Rad1 {[%clk
00:08:28]} {[%emt 00:03:21]} Qc7 {[%clk 00:22:51]} {[%emt 00:01:26]} 19. b3
{[%clk 00:03:33]} {[%emt 00:05:05]} Rc8 {[%clk 00:20:41]} {[%emt 00:02:20]} 20.
Rc1 {[%clk 00:03:12]} {[%emt 00:00:32]} f6 {[%clk 00:18:46]} {[%emt 00:02:05]}
21. Nf3 {[%clk 00:02:49]} {[%emt 00:00:33]} Nd5 {[%clk 00:18:45]} {[%emt
00:00:11]} 22. Qe2 {[%clk 00:01:06]} {[%emt 00:01:52]} c3 {[%clk 00:17:49]}
{[%emt 00:01:07]} 23. Nc5 {[%clk 00:00:29]} {[%emt 00:00:47]} Rb6 {[%clk
00:13:41]} {[%emt 00:04:17]} 24. Nxe6 {[%clk 00:00:22]} {[%emt 00:00:17]} Qd6
{[%clk 00:13:48]} {[%emt 00:00:04]} 25. Nc5 {[%clk 00:00:25]} {[%emt 00:00:07]}
b4 {[%clk 00:12:59]} {[%emt 00:00:58]} 26. Rfe1 {[%clk 00:00:29]} {[%emt
00:00:07]} a5 {[%clk 00:11:05]} {[%emt 00:02:04]} 27. Qc4 {[%clk 00:00:14]}
{[%emt 00:00:24]} Kh8 {[%clk 00:10:15]} {[%emt 00:01:01]} 28. Qe2 {[%clk
00:00:13]} {[%emt 00:00:11]} Rbc6 {[%clk 00:08:34]} {[%emt 00:01:50]} 29. Nh4
{[%clk 00:00:20]} {[%emt 00:00:04]} g6 {[%clk 00:08:15]} {[%emt 00:00:29]} 30.
f5 {[%clk 00:00:23]} {[%emt 00:00:06]} g5 {[%clk 00:08:06]} {[%emt 00:00:19]}
31. Ng6+ {[%clk 00:00:22]} {[%emt 00:00:11]} hxg6 {[%clk 00:07:51]} {[%emt
00:00:26]} 32. fxg6 {[%clk 00:00:30]} Kg7 {[%clk 00:07:22]} {[%emt 00:00:39]}
33. Ne6+ {[%clk 00:00:13]} {[%emt 00:00:27]} Kxg6 {[%clk 00:06:32]} {[%emt
00:01:00]} 34. Qd3+ {[%clk 00:00:21]} {[%emt 00:00:02]} Kh6 {[%clk 00:03:05]}
{[%emt 00:03:37]} 35. Qf5 {[%clk 00:00:12]} {[%emt 00:00:19]} Nc7 {[%clk
00:02:24]} {[%emt 00:00:51]} 36. Nxc7 {[%clk 00:00:11]} {[%emt 00:00:11]} R8xc7
{[%clk 00:01:38]} {[%emt 00:00:56]} 37. Qh3+ {[%clk 00:00:12]} {[%emt
00:00:10]} Kg7 {[%clk 00:01:37]} {[%emt 00:00:10]} 38. Qg4 {[%clk 00:00:13]}
{[%emt 00:00:09]} Qd7 {[%clk 00:01:16]} {[%emt 00:00:31]} 39. Qe4 {[%clk
00:00:15]} {[%emt 00:00:08]} Rd6 {[%clk 00:01:12]} {[%emt 00:00:14]} 40. Red1
{[%clk 00:00:14]} {[%emt 00:00:12]} Re6 {[%clk 00:01:03]} {[%emt 00:00:19]} 41.
Qf3 {[%clk 00:00:19]} {[%emt 00:00:03]} Qd6 {[%clk 00:00:45]} {[%emt 00:00:29]}
42. d5 {[%clk 00:00:13]} {[%emt 00:00:17]} Re5 {[%clk 00:00:50]} {[%emt
00:00:04]} 43. h4 {[%clk 00:00:16]} {[%emt 00:00:07]} Rc5 {[%clk 00:00:50]}
{[%emt 00:00:10]} 44. hxg5 {[%clk 00:00:20]} {[%emt 00:00:07]} Rxg5 {[%clk
00:00:54]} {[%emt 00:00:06]} 45. Rd4 {[%clk 00:00:15]} {[%emt 00:00:15]} Rcxd5
{[%clk 00:00:57]} {[%emt 00:00:06]} 46. Rxd5 Rxd5 47. Qg4+ {[%clk 00:00:23]}
Rg5 {[%clk 00:00:58]} {[%emt 00:00:01]} 48. Qe2 {[%clk 00:00:27]} {[%emt
00:00:05]} Kf7 {[%clk 00:00:51]} {[%emt 00:00:18]} 49. Qc2 {[%clk 00:00:22]}
{[%emt 00:00:15]} f5 {[%clk 00:00:45]} {[%emt 00:00:16]} 50. Rd1 {[%clk
00:00:21]} {[%emt 00:00:11]} Qe6 {[%clk 00:00:40]} {[%emt 00:00:15]} 51. Rc1
{[%clk 00:00:15]} {[%emt 00:00:17]} Rh5 {[%clk 00:00:46]} {[%emt 00:00:04]} 52.
Qd1 {[%clk 00:00:15]} {[%emt 00:00:10]} Rh7 {[%clk 00:00:40]} {[%emt 00:00:16]}
53. Qf3 {[%clk 00:00:20]} {[%emt 00:00:05]} Qe4 {[%clk 00:00:35]} {[%emt
00:00:15]} 54. Qxe4 {[%clk 00:00:23]} {[%emt 00:00:07]} fxe4 {[%clk 00:00:44]}
{[%emt 00:00:01]} 55. Rc2 {[%clk 00:00:27]} {[%emt 00:00:05]} Ke6 {[%clk
00:00:46]} {[%emt 00:00:08]} 56. Kf1 {[%clk 00:00:34]} {[%emt 00:00:03]} Ke5
{[%clk 00:00:54]} {[%emt 00:00:02]} 57. Ke2 {[%clk 00:00:43]} Kd4 {[%clk
00:01:03]} {[%emt 00:00:01]} 58. Rc1 {[%clk 00:00:40]} {[%emt 00:00:13]} Bg5
{[%clk 00:00:58]} {[%emt 00:00:16]} 59. Rc2 {[%clk 00:00:39]} {[%emt 00:00:10]}
Bd2 {[%clk 00:01:04]} {[%emt 00:00:04]} 60. g4 {[%clk 00:00:45]} {[%emt
00:00:04]} Rg7 {[%clk 00:01:11]} {[%emt 00:00:03]} 61. a3 {[%clk 00:00:45]}
{[%emt 00:00:10]} bxa3 {[%clk 00:01:19]} {[%emt 00:00:03]} 62. Ra2 {[%clk
00:00:54]} Rxg4 {[%clk 00:01:24]} {[%emt 00:00:04]} 63. Rxa3 {[%clk 00:00:58]}
{[%emt 00:00:06]} c2 {[%clk 00:01:31]} {[%emt 00:00:03]} 64. Kxd2 {[%clk
00:01:07]} {[%emt 00:00:01]} Rg2 {[%clk 00:01:28]} {[%emt 00:00:14]} 65. Ra4+
{[%clk 00:01:04]} {[%emt 00:00:12]} Ke5 {[%clk 00:01:33]} {[%emt 00:00:04]} 66.
Rxa5+ {[%clk 00:01:03]} {[%emt 00:00:12]} Kf4 {[%clk 00:01:42]} 67. Kxc2 {[%clk
00:00:51]} {[%emt 00:00:22]} e3 {[%clk 00:01:39]} {[%emt 00:00:13]} 68. Ra8
{[%clk 00:00:55]} {[%emt 00:00:05]} Rxf2+ {[%clk 00:00:17]} {[%emt 00:01:33]}
69. Kd1 {[%clk 00:01:02]} {[%emt 00:00:02]} Kf3 {[%clk 00:00:18]} {[%emt
00:00:11]} 70. Rf8+ {[%clk 00:00:57]} {[%emt 00:00:14]} Kg2 {[%clk 00:00:26]}
{[%emt 00:00:02]} 71. Re8 {[%clk 00:00:48]} {[%emt 00:00:19]} Kf3 {[%clk
00:00:20]} {[%emt 00:00:17]} 72. Rf8+ {[%clk 00:00:57]} Kg3 {[%clk 00:00:23]}
{[%emt 00:00:06]} 73. Re8 {[%clk 00:00:28]} {[%emt 00:00:39]} Kf4 {[%clk
00:00:31]} {[%emt 00:00:02]} 74. Rf8+ {[%clk 00:00:37]} Ke4 {[%clk 00:00:38]}
{[%emt 00:00:03]} 75. Rxf2 {[%clk 00:00:37]} {[%emt 00:00:10]} exf2 {[%clk
00:00:47]} {[%emt 00:00:01]} 76. Ke2 {[%clk 00:00:47]} 1/2-1/2

[Event "English Schools Championship Final 2024"]
[Site "Nottingham University Kings Meadow Campus, United Kingdom"]
[Date "2024.06.28"]
[Round "4.13"]
[White "Han, Yichen"]
[Black "Zheng, Harry Z"]
[Result "1-0"]
[TimeControl "G50' + 10\" per move."]
[WhiteFideId "1054430"]
[BlackFideId "460982"]
[WhiteElo "2434"]
[BlackElo "2200"]

1. e4 {[%clk 00:49:46]} {[%emt 00:00:34]} e5 {[%clk 00:50:09]} {[%emt
00:00:12]} 2. Nf3 {[%clk 00:49:51]} {[%emt 00:00:05]} Nc6 {[%clk 00:50:01]}
{[%emt 00:00:17]} 3. Bb5 {[%clk 00:49:55]} {[%emt 00:00:07]} a6 {[%clk
00:50:00]} {[%emt 00:00:11]} 4. Ba4 {[%clk 00:50:01]} {[%emt 00:00:04]} Nf6
{[%clk 00:49:58]} {[%emt 00:00:11]} 5. Nc3 {[%clk 00:50:06]} {[%emt 00:00:05]}
Bb4 {[%clk 00:47:25]} {[%emt 00:02:43]} 6. O-O {[%clk 00:48:06]} {[%emt
00:02:10]} Bxc3 {[%clk 00:44:47]} {[%emt 00:02:48]} 7. bxc3 {[%clk 00:46:31]}
{[%emt 00:01:45]} O-O {[%clk 00:44:02]} {[%emt 00:00:55]} 8. Re1 {[%clk
00:42:13]} {[%emt 00:04:28]} Re8 {[%clk 00:39:43]} {[%emt 00:04:30]} 9. d3
{[%clk 00:34:00]} {[%emt 00:08:23]} h6 {[%clk 00:38:05]} {[%emt 00:01:47]} 10.
h3 {[%clk 00:32:19]} {[%emt 00:01:51]} d6 {[%clk 00:32:53]} {[%emt 00:05:22]}
11. Nh4 {[%clk 00:29:05]} {[%emt 00:03:23]} Nh7 {[%clk 00:28:14]} {[%emt
00:04:49]} 12. Qh5 {[%clk 00:24:51]} {[%emt 00:04:24]} Qf6 {[%clk 00:23:14]}
{[%emt 00:05:10]} 13. Nf3 {[%clk 00:22:01]} {[%emt 00:03:00]} Nf8 {[%clk
00:14:55]} {[%emt 00:08:29]} 14. Nh2 {[%clk 00:20:50]} {[%emt 00:01:21]} Qg6
{[%clk 00:12:38]} {[%emt 00:02:27]} 15. Qh4 {[%clk 00:20:16]} {[%emt 00:00:44]}
Ne6 {[%clk 00:11:01]} {[%emt 00:01:48]} 16. Kh1 {[%clk 00:18:11]} {[%emt
00:02:14]} Nc5 {[%clk 00:09:06]} {[%emt 00:02:06]} 17. Bxc6 {[%clk 00:14:41]}
{[%emt 00:03:40]} bxc6 {[%clk 00:09:07]} {[%emt 00:00:09]} 18. f4 {[%clk
00:13:21]} {[%emt 00:01:30]} exf4 {[%clk 00:03:00]} {[%emt 00:06:17]} 19. Bxf4
{[%clk 00:13:03]} {[%emt 00:00:27]} Ne6 {[%clk 00:02:58]} {[%emt 00:00:13]} 20.
Bd2 {[%clk 00:12:31]} {[%emt 00:00:42]} Ng5 {[%clk 00:02:10]} {[%emt 00:00:58]}
21. Re3 {[%clk 00:11:49]} {[%emt 00:00:52]} d5 {[%clk 00:00:26]} {[%emt
00:01:54]} 22. e5 {[%clk 00:08:59]} {[%emt 00:02:59]} f6 {[%clk 00:00:16]}
{[%emt 00:00:21]} 23. exf6 {[%clk 00:08:36]} {[%emt 00:00:32]} Rxe3 {[%clk
00:00:24]} {[%emt 00:00:02]} 24. Bxe3 {[%clk 00:08:33]} {[%emt 00:00:13]} Qxf6
{[%clk 00:00:30]} {[%emt 00:00:04]} 25. Bd4 {[%clk 00:07:12]} {[%emt 00:01:32]}
Qd6 {[%clk 00:00:14]} {[%emt 00:00:26]} 26. Re1 {[%clk 00:05:59]} {[%emt
00:01:23]} Bf5 {[%clk 00:00:20]} {[%emt 00:00:03]} 27. Qf2 {[%clk 00:05:13]}
{[%emt 00:00:56]} Qd7 {[%clk 00:00:00]} {[%emt 00:00:20]} 1-0

[Event "English Schools Championship Final 2024"]
[Site "Nottingham University Kings Meadow Campus, United Kingdom"]
[Date "2024.06.28"]
[Round "4.14"]
[White "Rebonato Scott, Sebastiano"]
[Black "Zakarian, Dimitrios Levon"]
[Result "0-1"]
[TimeControl "G50' + 10\" per move."]
[WhiteFideId "480827"]
[BlackFideId "453080"]
[WhiteElo "1883"]
[BlackElo "2096"]

1. e4 {[%clk 00:50:19]} {[%emt 00:59:32]} c5 {[%clk 00:49:58]} {[%emt
00:00:21]} 2. Nf3 {[%clk 00:50:26]} {[%emt 00:00:03]} e6 {[%clk 00:50:04]}
{[%emt 00:00:04]} 3. g3 {[%clk 00:50:32]} {[%emt 00:00:04]} Nf6 {[%clk
00:50:09]} {[%emt 00:00:05]} 4. Nc3 {[%clk 00:50:31]} {[%emt 00:00:12]} Nc6
{[%clk 00:50:14]} {[%emt 00:00:04]} 5. Bg2 {[%clk 00:50:38]} {[%emt 00:00:03]}
d6 {[%clk 00:50:15]} {[%emt 00:00:09]} 6. O-O {[%clk 00:50:36]} {[%emt
00:00:12]} Be7 {[%clk 00:50:19]} {[%emt 00:00:05]} 7. d4 {[%clk 00:49:58]}
{[%emt 00:00:49]} cxd4 {[%clk 00:50:16]} {[%emt 00:00:13]} 8. Nxd4 {[%clk
00:50:05]} {[%emt 00:00:02]} O-O {[%clk 00:49:31]} {[%emt 00:00:56]} 9. Nb3
{[%clk 00:48:36]} {[%emt 00:01:40]} e5 {[%clk 00:46:47]} {[%emt 00:02:54]} 10.
h3 {[%clk 00:47:53]} {[%emt 00:00:53]} a5 {[%clk 00:44:33]} {[%emt 00:02:23]}
11. a4 {[%clk 00:47:33]} {[%emt 00:00:30]} Nb4 {[%clk 00:44:16]} {[%emt
00:00:27]} 12. Qe2 {[%clk 00:44:00]} {[%emt 00:03:44]} Be6 {[%clk 00:43:16]}
{[%emt 00:01:09]} 13. Bg5 {[%clk 00:42:28]} {[%emt 00:01:43]} Qc8 {[%clk
00:38:25]} {[%emt 00:05:00]} 14. Rfd1 {[%clk 00:40:43]} {[%emt 00:01:56]} Bxh3
{[%clk 00:36:49]} {[%emt 00:01:46]} 15. Bxf6 {[%clk 00:39:39]} {[%emt
00:01:14]} gxf6 {[%clk 00:36:37]} {[%emt 00:00:22]} 16. Qh5 {[%clk 00:32:30]}
{[%emt 00:07:19]} Bg4 {[%clk 00:35:05]} {[%emt 00:01:42]} 17. Qh6 {[%clk
00:31:28]} {[%emt 00:01:12]} Bxd1 {[%clk 00:34:51]} {[%emt 00:00:23]} 18. Rxd1
{[%clk 00:31:31]} {[%emt 00:00:06]} Qg4 {[%clk 00:34:17]} {[%emt 00:00:45]} 19.
Qh2 {[%clk 00:29:31]} {[%emt 00:02:10]} Rfd8 {[%clk 00:25:48]} {[%emt
00:08:39]} 20. f3 {[%clk 00:26:35]} {[%emt 00:03:07]} Qg5 {[%clk 00:24:40]}
{[%emt 00:01:17]} 21. Kf2 {[%clk 00:26:39]} {[%emt 00:00:07]} Bf8 {[%clk
00:17:19]} {[%emt 00:07:30]} 22. Rh1 {[%clk 00:25:00]} {[%emt 00:01:50]} h6
{[%clk 00:16:33]} {[%emt 00:00:56]} 23. f4 {[%clk 00:24:53]} {[%emt 00:00:16]}
Qg7 {[%clk 00:14:31]} {[%emt 00:02:12]} 24. Nd1 {[%clk 00:19:09]} {[%emt
00:05:55]} Nxc2 {[%clk 00:11:58]} {[%emt 00:02:42]} 25. Nc3 {[%clk 00:16:52]}
{[%emt 00:02:27]} Nb4 {[%clk 00:09:55]} {[%emt 00:02:12]} 26. Nd2 {[%clk
00:14:06]} {[%emt 00:02:57]} f5 {[%clk 00:06:53]} {[%emt 00:03:13]} 27. exf5
{[%clk 00:11:57]} {[%emt 00:02:18]} exf4 {[%clk 00:06:41]} {[%emt 00:00:21]} 28.
gxf4 {[%clk 00:08:28]} {[%emt 00:03:40]} Qd4+ {[%clk 00:06:42]} {[%emt
00:00:09]} 29. Ke1 {[%clk 00:08:34]} {[%emt 00:00:05]} Nd3+ {[%clk 00:06:39]}
{[%emt 00:00:12]} 30. Kd1 {[%clk 00:08:13]} {[%emt 00:00:31]} Nf2+ {[%clk
00:06:39]} {[%emt 00:00:10]} 31. Kc1 {[%clk 00:07:40]} {[%emt 00:00:43]} Nxh1
{[%clk 00:06:40]} {[%emt 00:00:09]} 32. Bxh1 {[%clk 00:07:49]} {[%emt
00:00:02]} Rac8 {[%clk 00:05:23]} {[%emt 00:01:26]} 33. Qg3+ {[%clk 00:07:40]}
{[%emt 00:00:19]} Kh8 {[%clk 00:05:20]} {[%emt 00:00:13]} 34. Nde4 {[%clk
00:07:27]} {[%emt 00:00:23]} d5 {[%clk 00:04:50]} {[%emt 00:00:41]} 35. Nd2
{[%clk 00:06:39]} {[%emt 00:00:57]} Bg7 {[%clk 00:04:35]} {[%emt 00:00:25]} 36.
Kd1 {[%clk 00:03:33]} {[%emt 00:03:16]} Rxc3 {[%clk 00:04:21]} {[%emt
00:00:24]} 37. bxc3 {[%clk 00:03:41]} {[%emt 00:00:02]} Qxc3 {[%clk 00:04:30]}
{[%emt 00:00:01]} 38. Qh4 {[%clk 00:03:48]} {[%emt 00:00:04]} Rc8 {[%clk
00:04:35]} {[%emt 00:00:04]} 39. Bf3 {[%clk 00:03:43]} {[%emt 00:00:16]} Qc2+
{[%clk 00:04:36]} {[%emt 00:00:08]} 40. Ke2 {[%clk 00:03:42]} {[%emt 00:00:10]}
Re8+ {[%clk 00:04:45]} {[%emt 00:00:03]} 41. Be4 {[%clk 00:03:42]} {[%emt
00:00:09]} Rxe4+ {[%clk 00:04:47]} {[%emt 00:00:08]} 0-1